| 000 | 00903nas a2200277 4500 | ||
|---|---|---|---|
| 001 | BR0500626 | ||
| 003 | BR-BrBNA | ||
| 005 | 20231205105122.0 | ||
| 007 | ta | ||
| 008 | 230509b bl.|||p| |||| 00| 00por d | ||
| 040 |
_aBR-BrBNA _bpor _cBiblioteca Nacional de Agricultura |
||
| 041 | _a(Pt) | ||
| 072 | _aK50 | ||
| 100 | 1 | _aBortoletto Junior, G. | |
| 100 | 1 | _aBetini, U.L. | |
| 245 | 1 | _aProdução de lâminas e manufatura de compensados a partir da madeira de guapuruvu (Schizolobium parayba Blake)proveniente de um plantio misto de espécies nativas | |
| 650 | _aGUAPURUVU | ||
| 650 | _aMADEIRA | ||
| 650 | _aCOMPENSADO | ||
| 650 | _aPRODUÇÃO FLORESTAL | ||
| 650 | _aMODELO MATEMÁTICO | ||
| 650 | _aPROPRIEDADE FÍSICO-QUÍMICA | ||
| 773 | 0 |
_tCerne (Brazil) _xISSN 0104-7760 _g(2003), v. 9(1) p. 16-28 _wBR0500626 |
|
| 909 |
_a202311 _bLúcia _c55 _dLúcia Elande |
||
| 942 |
_2AGRIS _n0 _cANA |
||
| 999 |
_c181339 _d181339 |
||